00691nam a22001937a 450000500170000001000150001702000270003202000230005903500130008203700130009508200150010810000220012324501020014526000460024727000660029330000310035950000670039065000400045720150421110056.0 aENG-112392 a9780199456307c545.00  a199456305c545.00  aEN-95924 bDBAD/PUB a791.430954 aRaghavendra, M.K. aSeduced by the familiar :bnarration and meaning in Indian popular cinema / cby M.K.Raghavendra  aNew Delhi bOxford University Pressc2015 aYMCA Library Building, 1 Jai Singh Road, bNew Delhi e110001 ax,362p. :c23cm(pbk)bill. a Includes bibliographical references (p. [333]-340) and index. aMotion pictures zIndia |x History.